हरियाणाः के अमर शहीदों की कहानियाँ / (Record no. 48645)

MARC details
000 -LEADER
fixed length control field 01354nam a22002897a 4500
005 - DATE AND TIME OF LATEST TRANSACTION
control field 20090316110612.0
008 - FIXED-LENGTH DATA ELEMENTS--GENERAL INFORMATION
fixed length control field 090316t xxu||||| |||| 00| 0 hin d
010 ## - LCCN (DPL NO)
LC control number HIN-91007
020 ## - INTERNATIONAL STANDARD BOOK NUMBER
Terms of availability 100.00
International Standard Book Number 9788191058055
035 ## - SYSTEM CONTROL NUMBER
System control number HN-63353
037 ## - SOURCE OF ACQUISITION
Source of stock number/acquisition DBAD / PUB
040 ## - CATALOGING SOURCE
Original cataloging agency DPL
Language of cataloging HN
082 ## - DEWEY DECIMAL CLASSIFICATION NUMBER
Classification number
100 ## - MAIN ENTRY--PERSONAL NAME
9 (RLIN) 24114
Personal name झा, कृपाकान्त 'मठपति'
245 ## - TITLE STATEMENT
Title हरियाणाः के अमर शहीदों की कहानियाँ /
Statement of responsibility, etc कृपाकान्त झा 'मठपति'
246 ## - VARYING FORM OF TITLE
Title proper/short title Haryana: ke amar Shahidon ki Kahaniyan
Remainder of title by Kripakant Jha ' Mathpati '
260 ## - PUBLICATION, DISTRIBUTION, ETC. (IMPRINT)
Place of publication, distribution, etc नई दिल्ली
Name of publisher, distributor, etc स्कूल टाईम्स
Date of publication, distribution, etc 2009
270 ## - ADDRESS
Address 6/36, प्रथम तल, विक्रम विहार लाजपत नगर-iv,
City नई दिल्ली
Postal code 110024
Telephone number 9711237360
300 ## - PHYSICAL DESCRIPTION
Extent 100पृ.
Dimensions 18सेमी (सजिल्द)
490 ## - SERIES STATEMENT
Series statement अमर शहीद ग्रंथमाला
-- 24395
650 ## - SUBJECT ADDED ENTRY--TOPICAL TERM
9 (RLIN) 1169
Topical term or geographic name as entry element लधु कथाएँ, हिन्दी
700 ## - ADDED ENTRY--PERSONAL NAME
9 (RLIN) 24212
700 ## - ADDED ENTRY--PERSONAL NAME
9 (RLIN) 24373
700 ## - ADDED ENTRY--PERSONAL NAME
9 (RLIN) 24219
942 ## - ADDED ENTRY ELEMENTS (KOHA)
Source of classification or shelving scheme Dewey Decimal Classification
Item type Hindi Books
Call number suffix झाकृपा
Classification part
Holdings
Withdrawn status Lost status Source of classification or shelving scheme Damaged status Not for loan Collection code Home library Current library Date acquired Source of acquisition Cost, normal purchase price Total Checkouts Full call number Barcode Date last seen Copy number Cost, replacement price Koha item type
    Dewey Decimal Classification   Not For Loan Fiction D.B.Act.Division D.B.Act.Division 20/11/2010 DBAD /PUB 100.00   क झाकृपा HN-63353 20/11/2010 1 100.00 Hindi Books

© Delhi Public Library
Hit Counter
free hit counter